000 00386nam a22001697a 4500
003 SGT
005 20260701154314.0
020 _a9789364440844
082 _a612
_bG25B
100 _aBARRET, KIM E.
245 _aGANONG'S REVIEW OF MEDICAL PHYSIOLOGY
250 _a27TH
260 _aINDIA
_bMC GRAW HIL PUB
_c2025
300 _a770
650 _aHUMAN PHYSIOLOGY
942 _2ddc
_cBK
999 _c34989
_d34989